| 000 | 00584cam a2200193 a 4500 | ||
|---|---|---|---|
| 001 | 000008024 | ||
| 005 | 20240529124642.0 | ||
| 008 | 760311s2006 bl 000 f por | ||
| 020 | _a8533303955 | ||
| 040 |
_aDO-SdBNP _dBNPHU |
||
| 082 |
_aB869.44 _bL895 |
||
| 100 | 1 |
_aLouzeiro, José, _d1932- _921923 |
|
| 245 | 1 | 0 |
_aLúcio Flávio, o passageiro da agonia / _cJose Louzeiro. |
| 260 |
_aRio de Janeiro : _bBiblioteca Nacional, _c2006. |
||
| 300 |
_a343 p. ; _c21 cm. |
||
| 650 | 0 |
_aNovela brasileña _913650 |
|
| 650 | 4 |
_aLiteratura brasileña _9823 |
|
| 910 | _aCatalogación derivada | ||
| 999 |
_c7801 _d7801 |
||